25 Years of Television Beginnings (1993-1969) II Quiz Stats

 Plays Quiz Updated Jun 30, 2018

Score 0/25 Timer 08:00
0 Plays Today
% Correct
The Fresh Prince of Bel-Air
97.5%
The Golden Girls
96.5%
Seinfeld
96.3%
The A-Team
93.7%
Married... with Children
91.5%
The Love Boat
89.7%
The Mary Tyler Moore Show
82.8%
Laverne & Shirley
81.7%
Dallas
80.2%
The Dukes of Hazzard
79.9%
Cagney & Lacey
79.6%
Matlock
76.3%
Kojak
75.5%
% Correct
Columbo
72.1%
Blossom
71.6%
The Bob Newhart Show
70.3%
Night Court
70%
Good Times
65.6%
Bosom Buddies
64.7%
In the Heat of the Night
61.9%
Hill Street Blues
61.2%
Frasier
60.8%
One Day at a Time
52.9%
Picket Fences
49%
Marcus Welby, M.D.
43.9%

You're not logged in!

Compare scores with friends on all Sporcle quizzes.
Join for Free
OR
Log In

You Might Also Like...

Show Comments

Extras

Top Quizzes Today


Score Distribution

Your Account Isn't Verified!

In order to create a playlist on Sporcle, you need to verify the email address you used during registration. Go to your Sporcle Settings to finish the process.

Report this User

Report this user for behavior that violates our Community Guidelines.

Details: